Catálogo
 En Linea

Las nuevas amenazas y la preparación de inteligencia / (Registro nro. 4834)

Detalles MARC
000 -CABECERA
campo de control de longitud fija 00749nam a2200193 a 4500
001 - NÚMERO DE CONTROL
campo de control 000005029
005 - FECHA Y HORA DE LA ÚLTIMA TRANSACCIÓN
campo de control 20240307183814.0
008 - DATOS DE LONGITUD FIJA--INFORMACIÓN GENERAL
campo de control de longitud fija 090729s2002 dr a 000 0 spa d
020 ## - NÚMERO INTERNACIONAL ESTÁNDAR DEL LIBRO
Número Internacional Estándar del Libro 9993491101
040 ## - FUENTE DE LA CATALOGACIÓN
Centro catalogador/agencia de origen DO-SdBNP
Lengua de catalogación spa
Centro/agencia transcriptor BNPHU
082 ## - NÚMERO DE LA CLASIFICACIÓN DECIMAL DEWEY
Número de clasificación xxxx
Número de documento/Ítem P343n
100 1# - ENTRADA PRINCIPAL--NOMBRE DE PERSONA
Nombre de persona Payán Areché, Luis Ramón,
Fechas asociadas al nombre 1956-
9 (RLIN) 14489
245 14 - MENCIÓN DE TÍTULO
Título Las nuevas amenazas y la preparación de inteligencia /
Mención de responsabilidad, etc. Luis Ramón Payán Areché ; prólogo Ramiro Matos González.
260 ## - PUBLICACIÓN, DISTRIBUCIÓN, ETC.
Lugar de publicación, distribución, etc. Santo Domingo, :
Nombre del editor, distribuidor, etc. Impresos Anibal,
Fecha de publicación, distribución, etc. 2002.
300 ## - DESCRIPCIÓN FÍSICA
Extensión xiii, 177 p. :
Otras características físicas il. ;
Dimensiones 23 cm.
504 ## - NOTA DE BIBLIOGRAFÍA, ETC.
Nota de bibliografía, etc. Incluye referencias bibliográficas y notas al pie de las páginas
504 ## - NOTA DE BIBLIOGRAFÍA, ETC.
Nota de bibliografía, etc. Incluye bibliografías (175-177)
700 1# - PUNTO DE ACCESO ADICIONAL--NOMBRE DE PERSONA
Nombre de persona Matos G., Ramiro‏
Forma completa/desarrollada del nombre (Matos González)
Fechas asociadas al nombre 1927-
9 (RLIN) 37780
Existencias
Estado de retiro Estado de pérdida Restricciones de uso No para préstamo Código de colección Localización permanente Ubicación/localización actual Ubicación en estantería Fecha de adquisición Número de inventario Total de préstamos Signatura topográfica completa Código de barras Fecha visto por última vez Número de copia Precio válido a partir de Tipo de ítem Koha Nota pública
        Dominicana de Servicio General General Depósito 24.08.2009 LF1   xxxx P343n 5029-30 25.06.2020 e . 3 25.06.2020 Libro y Folleto Colección Dominicana de Servicio  
        Dominicana de Servicio General General Depósito 08.07.2015 LF1   xxxx P343n 5029-40 25.06.2020 e. 4 25.06.2020 Libro y Folleto Colección Dominicana de Servicio Perteneció a la biblioteca personal de Chiqui Vicioso / Fidelio Despradel.
      Excluido de préstamo Patrimonio Dominicano Patrimonio Dominicano Patrimonio Dominicano Depósito 24.08.2009 LF1   xxxx P343n 5029-10 25.06.2020   25.06.2020 Libro y Folleto Colección Patrimonio Dominicano  
      Excluido de préstamo Patrimonio Dominicano Patrimonio Dominicano Patrimonio Dominicano Depósito 24.08.2009 LF1   xxxx P343n 5029-20 25.06.2020 e . 2 25.06.2020 Libro y Folleto Colección Patrimonio Dominicano  

Con tecnología Koha